000 00430nam a2200193Ia 4500
005 20240823020457.0
008 240823s9999||||xx |||||||||||||| ||und||
020 _a81-291-0301-X
041 _aENGLISH
082 _A823 P3
100 _aLeo Tolstoy
245 4 _aThe Cossacks
250 _a1st
260 _c2003
_b"Rupa,New "
_aNew Delhi
500 _aYES
650 _aGeneral
_bGeneral
942 _cBK
999 _c174846
_d174846